Starts with 'EA' to 'EZ' Quiz Stats

Quiz Updated Oct 1, 2016

Challenge
Share
Tweet
Embed
Score 0/25 Timer 04:00
7 Plays Today
Hint Word % Correct
The process of instructed learning in a schooleducation
97.1%
The written number for three times sixeighteen
95.9%
To secretly listen in on a conversationeavesdrop
95.7%
Forcibly thrown or expelled outejected
93.6%
Strange and mysteriouseerie
93.2%
A state in which opposing forces are balancedequilibrium
92.9%
Done with ease and without troubleeffortless
92.9%
To kill or destroy completelyeradicate
92.5%
A widespread and serious occurence of a diseaseepidemic
91.9%
A commemorative funeral speecheulogy
91.3%
An immeasurably long period of timeeon
91.2%
The outward flow of a tideebb
90.9%
A hair on the eyelid protecting the eyeeyelash
90.9%
Hint Word % Correct
A type of tree that keeps its leaves year-roundevergreen
90.8%
A state of alarm; a dire situationemergency
89.8%
To accompany for reasons of securityescort
86.1%
Very lively, happy, or energeticexuberant
79.3%
A Bible book and one of the major prophetsEzekiel
75%
An inscrutable or mysterious personenigma
74%
To barely create a living for oneselfeke
73.6%
A magical or medicinal potionelixir
68.1%
One who supports equal rights for allegalitarian
65.1%
Having influence from a wide range of ideas and sourceseclectic
59.4%
One's set of identifying cultural originsethnicity
56%
A large jug used for carrying waterewer
54.3%

You're not logged in!

Compare scores with friends on all Sporcle quizzes.
Sign Up with Email
OR
Log In

You Might Also Like...

Show Comments

Extras

Top Quizzes Today


Score Distribution

Your Account Isn't Verified!

In order to create a playlist on Sporcle, you need to verify the email address you used during registration. Go to your Sporcle Settings to finish the process.